|
|
|
|
| LEADER |
00000caa a22000002c 4500 |
| 001 |
1127024981 |
| 003 |
DE-627 |
| 005 |
20220516164432.0 |
| 007 |
tu |
| 008 |
970204s1996 xx ||||| 00| ||ger c |
| 020 |
|
|
|a 3929041111
|
| 035 |
|
|
|a (DE-627)1127024981
|
| 035 |
|
|
|a (DE-576)057024987
|
| 035 |
|
|
|a (DE-599)BSZ057024987
|
| 040 |
|
|
|a DE-627
|b ger
|c DE-627
|e rakwb
|
| 041 |
|
|
|a ger
|
| 100 |
1 |
|
|a Schlothauer, Reinhold
|d 1948-
|0 (DE-588)136200710
|0 (DE-627)577712632
|0 (DE-576)162922639
|4 aut
|
| 109 |
|
|
|a Schlothauer, Reinhold 1948-
|
| 245 |
1 |
4 |
|a Die Bedeutung des materiellen Strafrechts für die Verteidigung in Untersuchungshaftfällen
|c Reinhold Schlothauer
|
| 264 |
|
1 |
|c 1996
|
| 336 |
|
|
|a Text
|b txt
|2 rdacontent
|
| 337 |
|
|
|a ohne Hilfsmittel zu benutzen
|b n
|2 rdamedia
|
| 338 |
|
|
|a Band
|b nc
|2 rdacarrier
|
| 773 |
0 |
8 |
|i In
|t Aktuelles Verfassungsrecht und Strafverteidigung
|b 1. Aufl.
|d Köln : Ed. Der Andere Buchladen, 1996
|g (1996), Seite 101 - 113
|h VII, 290 S.
|w (DE-627)221214003
|w (DE-576)055825583
|z 3929041111
|7 nnam
|
| 773 |
1 |
8 |
|g year:1996
|g pages:101 - 113
|
| 935 |
|
|
|a mkri
|
| 951 |
|
|
|a AR
|
| ELC |
|
|
|b 1
|
| LOK |
|
|
|0 000 xxxxxcx a22 zn 4500
|
| LOK |
|
|
|0 001 2899356755
|
| LOK |
|
|
|0 003 DE-627
|
| LOK |
|
|
|0 004 1127024981
|
| LOK |
|
|
|0 005 20260217124815
|
| LOK |
|
|
|0 008 160208||||||||||||||||ger|||||||
|
| LOK |
|
|
|0 040
|a DE-21-110
|c DE-627
|d DE-21-110
|
| LOK |
|
|
|0 689
|a s
|a Verteidigung
|
| LOK |
|
|
|0 689
|a s
|a Materielles Strafrecht
|
| LOK |
|
|
|0 852
|a DE-21-110
|
| LOK |
|
|
|0 852 1
|m p
|9 00
|
| LOK |
|
|
|0 935
|a k110
|
| LOK |
|
|
|0 938
|k p
|
| LOK |
|
|
|0 939
|a 08-02-16
|b l01
|
| ORI |
|
|
|a WA-MARC-krimdoka001.raw
|